000 00272nam a2200109Ia 4500
001 588589
005 20250717120834.0
008 250717s9999 xx 000 0 und d
245 0 _aV-4 ESKİ AYAKKABILAR
_cZEYNEP YEŞİLMEN
260 _bERDEM YAYINLARI
_c2019
300 _b95
999 _c588589
_d588589